Robert Louis Stevenson (Record no. 9203)
[ view plain ]
| 000 -LEADER | |
|---|---|
| fixed length control field | 00954nam a22002177a 4500 |
| 003 - CONTROL NUMBER IDENTIFIER | |
| control field | OSt |
| 005 - DATE AND TIME OF LATEST TRANSACTION | |
| control field | 20260317030235.0 |
| 008 - FIXED-LENGTH DATA ELEMENTS--GENERAL INFORMATION | |
| fixed length control field | 260317b |||||||| |||| 00| 0 eng d |
| 020 ## - INTERNATIONAL STANDARD BOOK NUMBER | |
| International Standard Book Number | 978-1-84557-291-4 |
| 040 ## - CATALOGING SOURCE | |
| Original cataloging agency | DWCL GS lib |
| Transcribing agency | OC |
| 082 ## - DEWEY DECIMAL CLASSIFICATION NUMBER | |
| Classification number | S847k 2005 |
| 100 ## - MAIN ENTRY--PERSONAL NAME | |
| Personal name | Robert Louis Stevenson |
| 245 ## - TITLE STATEMENT | |
| Title | Robert Louis Stevenson |
| Statement of responsibility, etc. | Robert Louis Stevenson |
| 260 ## - PUBLICATION, DISTRIBUTION, ETC. | |
| Place of publication, distribution, etc. | New Delhi |
| Name of publisher, distributor, etc. | Rising Sun |
| Date of publication, distribution, etc. | 2005 |
| 300 ## - PHYSICAL DESCRIPTION | |
| Extent | 108 p |
| Dimensions | 21 cm |
| 520 ## - SUMMARY, ETC. | |
| Summary, etc. | David Balfour survives a murder attempt by his uncle, Ebenezer, who sends him up a dangerous, dark tower staircase during a storm. David confronts his uncle about the betrayal and discovers evidence that his father was the elder brother, making David the true heir to the Shaws estate. |
| 650 ## - SUBJECT ADDED ENTRY--TOPICAL TERM | |
| Topical term or geographic name entry element | escalating danger while staying with his miserly and treacherous Uncle Ebenezer. |
| 650 ## - SUBJECT ADDED ENTRY--TOPICAL TERM | |
| Topical term or geographic name entry element | developing, understanding of the novel’s themes |
| 700 ## - ADDED ENTRY--PERSONAL NAME | |
| Personal name | Robert Louis Stevenson |
| 942 ## - ADDED ENTRY ELEMENTS (KOHA) | |
| Source of classification or shelving scheme | Dewey Decimal Classification |
| Koha item type | Fiction |
| Suppress in OPAC | No |
No items available.